|
|
|
|
| LEADER |
00000cam a2200000 7i4500 |
| 001 |
0000064626 |
| 005 |
20160719.0 |
| 008 |
160719 |
| 020 |
|
|
|a 9789673711673
|
| 090 |
0 |
0 |
|a 616.722
|b WIJ
|
| 100 |
1 |
|
|a Wijayakusuma,H.M.Hembing Prof
|
| 245 |
1 |
0 |
|a Mengatasi penyakit sendi & reumatik
|c Prof.H.M.Hembing Wijayakusuma
|
| 260 |
|
|
|a Kuala Lumpur :
|b SynergyMedia
|
| 300 |
|
|
|a 74p. :
|b col.ill
|
| 500 |
|
|
|a Includes bibliografi
|
| 650 |
|
0 |
|a Herbal medicine
|
| 999 |
|
|
|a 0001233726
|b Book
|c Children Collection
|e Cawangan Tangkak
|
| 999 |
|
|
|a 0001233728
|b Book
|c Adult Collection
|e Cawangan Segamat
|
| 999 |
|
|
|a 0001233729
|b Book
|c Adult Collection
|e Cawangan Bandar Penawar
|
| 999 |
|
|
|a 0001233730
|b Book
|c Adult Collection
|e Cawangan Kota Tinggi
|
| 999 |
|
|
|a 0001233732
|b Book
|c Adult Collection
|e Cawangan Pontian
|